| 000 | 00350nam a2200121 4500 | ||
|---|---|---|---|
| 999 |
_c517175 _d517175 |
||
| 082 | _aTNC C41x54 K897 | ||
| 100 |
_aKrishnamurthy, K. _924592 |
||
| 245 | _aHuman rights and the Indian police | ||
| 260 |
_aBangalore _bR.R. Publication _c1996 |
||
| 300 | _a380p | ||
| 650 |
_aCivil rights - India _924593 |
||
| 650 |
_aPolice brutality - India _924594 |
||